000
00354nam a2200157Ia 4500
008
230524s9999 xx 000 0 und d
082
_a
621.381
_b
GUP
100
_a
K.C.Gupta
245
0
_a
Microwaves
250
_a
1ST
260
_a
NEW DELHI
_b
New Age
_c
2004
300
_a
242
500
_a
Quantity Number: 2
650
_a
Electronics
942
_c
BK
999
_c
16866
_d
16866